000 00347nam a2200133Ia 4500
008 231129s9999||||xx |||||||||||||| ||spa||
020 _a958-633-066-4
040 _bspa
082 _a651.3741 B747s
100 _aBosticco Mary
245 0 _aSecretariado práctico
264 _aRei Andes
942 _2ddc
_cBKS
999 _c24390
_d24390